The Great Divide - Noah Kahan (All Lyrics) - Statistics

General Stats
  • This quiz has been taken 366 times
  • The average score is 351 of 425
Answer Stats
Lyrics % Correct
I
100%
a
99%
the
98%
you
98%
You
98%
of
96%
your
96%
And
95%
and
95%
He
95%
he
95%
do
94%
it
94%
It
94%
not
94%
So
94%
that
94%
That
94%
we
94%
We
94%
hope
93%
on
93%
Or
93%
scared
93%
all
92%
in
92%
Like
92%
like
92%
skin
92%
what
92%
bu
91%
ordinary
91%
shit
91%
with
91%
cancer
90%
marry
90%
rich
90%
soul
90%
time
90%
you're
90%
About
89%
about
89%
down,
89%
ghosts
89%
might
89%
settle
89%
to
89%
for
88%
great
88%
then
88%
murderers
87%
Who
86%
who
86%
divide
85%
can't
84%
go?
84%
talked
84%
last
83%
think
83%
But
82%
but
82%
die
82%
across
81%
have
81%
how
81%
know
81%
recall
81%
anything
80%
I'm
80%
out
80%
been
79%
if
79%
is
79%
just
79%
life
79%
was
79%
cops
78%
looking
78%
my
78%
same
78%
back
76%
our
76%
we're
76%
enough
75%
must
75%
never
75%
some
75%
while
75%
While
75%
care
74%
deep
74%
nothin'
74%
still
74%
seen
73%
spot
73%
ain't
72%
friends,
72%
got
72%
hard
72%
high
72%
inside
72%
keep
72%
(Oh
72%
oh)
72%
oh
72%
yourself
72%
hands
71%
I've
71%
side
71%
bad
70%
burns
70%
misunderstanding
70%
said,
70%
said
70%
take
70%
every
69%
morons
69%
only
69%
wide
69%
broke
68%
turn
68%
ask
67%
off,"
67%
cigarette
66%
sing
66%
someone
66%
drove
65%
isn't
65%
"Fuck
64%
God
64%
mind
64%
you'd
64%
glass
63%
line
63%
play
63%
read
63%
Ah
62%
(Ah),
62%
Ah,
62%
brick
62%
heard
62%
overtime
62%
right
62%
shitty
62%
stained
62%
State
62%
swore
62%
threw
62%
bass
61%
nothing
61%
singer
61%
ballad
60%
stop
60%
unfair
60%
what's
60%
worked
60%
into
59%
tried
59%
aimlessly
58%
everything
58%
fine
58%
things
58%
world
58%
along
57%
they
57%
Twin
57%
inched
56%
next
56%
thoughts
56%
birds
54%
place
54%
sleep
54%
stare
54%
aware
53%
losing
53%
ahead
52%
cannot
52%
Yeah,
52%
shoot
51%
wasn't
51%
wish
50%
could
49%
finally
49%
brave
48%
Did
48%
hesitating
43%
small
43%
fade
38%
Rage,
37%
ways
36%
Lord
16%
woah
14%
No matching quizzes found
Score Distribution
Percent of People with Each Score
Percentile by Number Answered
Your Score History
You have not taken this quiz